Geography by first two Letters: AB - Statistics

General Stats
  • This quiz has been taken 43 times
  • The average score is 6 of 12
Answer Stats
Hint Answer % Correct
Westminster ______ Abbey
97%
Capital of Nigeria Abuja
92%
Third Biggest city in Scotland Aberdeen
89%
Second word of Ethiopian Capital Ababa
69%
One of two Ivory Coast capitals Abidjan
64%
Region of Georgia claiming independence Abkhazia
50%
Home of Sheik Zayed Grand Mosque Abu Dhabi
36%
27th Biggest City in Texas Abilene
33%
Huge Monument in Southern Egypt Abu Simbel
19%
Bahamian Island: Great _____ Abaco
17%
Northern suburb of previous answer Abobo
6%
Second Largest City inBenin Abomey-Calavi
3%
No matching quizzes found
Score Distribution
Percent of People with Each Score
Percentile by Number Answered
Your Score History
You have not taken this quiz